[Event "Youth Classic 2019 - Juniors Open U18"]
[Site "Bad Soden, Hasselgrundhalle"]
[Date "2019.10.06"]
[Round "9.6"]
[White "Papadopoulos, Ioannis"]
[Black "Stobbe, Frederik"]
[Result "1/2-1/2"]
[WhiteElo "1944"]
[BlackElo "1849"]
[PlyCount "42"]
[EventDate "2019.??.??"]
[WhiteTeam "SV Oberursel"]
[BlackTeam "SC Bad Soden"]

1. e4 c5 2. Nf3 d6 3. d4 cxd4 4. Nxd4 Nf6 5. Nc3 Nc6 6. Bg5 e6 7. f4 Be7 8. Qd2
Qb6 9. Nb3 a6 10. O-O-O Qc7 11. Be2 b5 12. Bf3 Bb7 13. Rhe1 b4 14. Ne2 e5 15.
Ng3 O-O-O 16. Nf5 a5 17. Nxe7+ Qxe7 18. Kb1 Kb8 19. Bxf6 gxf6 20. Qd5 Qc7 21.
Qb5 Ka7 1/2-1/2

[Event "Youth Classic 2019 - Juniors Open U18"]
[Site "Bad Soden, Hasselgrundhalle"]
[Date "2019.10.06"]
[Round "9.7"]
[White "Geltz, Noah"]
[Black "Sander, Jannik"]
[Result "1-0"]
[WhiteElo "2054"]
[BlackElo "1233"]
[PlyCount "31"]
[EventDate "2019.??.??"]
[WhiteTeam "SF HN-Biberach"]
[BlackTeam "SK Gernsheim"]

1. c4 Nf6 2. Nf3 c5 3. Nc3 e6 4. e3 Nc6 5. d4 d5 6. cxd5 exd5 7. Bb5 Be6 8. Ne5
Qc7 9. Qa4 cxd4 10. exd4 Bd7 11. Bf4 Nxe5 12. dxe5 Bxb5 13. Nxb5 Qd7 14. exf6
Qe6+ 15. Kf1 Kd8 16. Nc7 1-0

[Event "Youth Classic 2019 - Juniors Open U18"]
[Site "Bad Soden, Hasselgrundhalle"]
[Date "2019.10.06"]
[Round "9.8"]
[White "Roden, Philipp"]
[Black "Koch, Laura"]
[Result "0-1"]
[WhiteElo "1295"]
[BlackElo "1020"]
[PlyCount "58"]
[EventDate "2019.??.??"]
[WhiteTeam "SC ML Kastellaun"]
[BlackTeam "SV Frankfurt Nord"]

1. d4 d5 2. c4 dxc4 3. Nf3 Nf6 4. Nc3 Bg4 5. e3 e6 6. Bxc4 Bb4 7. a3 Bxc3+ 8.
bxc3 c5 9. O-O cxd4 10. cxd4 O-O 11. h3 Bh5 12. Be2 Ne4 13. Nd2 Nc3 14. Qc2
Nxe2+ 15. Kh1 Qf6 16. Bb2 Qf5 17. Qc4 Nd7 18. g4 Bxg4 19. hxg4 Qxg4 20. Qc7 e5
21. Kh2 Rac8 22. Qxb7 Rc2 23. Nf3 Ng3 24. Rg1 Rxf2+ 25. Rg2 Rxf3 26. Kg1 Ne2+
27. Kh1 Qh3+ 28. Rh2 Rf1+ 29. Rxf1 Qxf1# 0-1

[Event "Youth Classic 2019 - Juniors Open U18"]
[Site "Bad Soden, Hasselgrundhalle"]
[Date "2019.10.06"]
[Round "9.9"]
[White "Klein, Dennis"]
[Black "Murmann, Jonas"]
[Result "1-0"]
[WhiteElo "1119"]
[BlackElo "1394"]
[PlyCount "39"]
[EventDate "2019.??.??"]
[WhiteTeam "Post  Schw. Hall"]
[BlackTeam "SC ML Kastellaun"]

1. d4 d5 2. Bf4 Bf5 3. e3 Nd7 4. c4 Ngf6 5. Qb3 Nb6 6. c5 Nc4 7. Bxc4 dxc4 8.
Qxb7 Rb8 9. Qxa7 Nd5 10. Qa4+ Bd7 11. Qxc4 Nxf4 12. exf4 Rxb2 13. Nf3 Bb5 14.
Qc3 Re2+ 15. Kd1 Rxf2 16. Qb3 c6 17. a4 Rxf3 18. Qxf3 Qxd4+ 19. Kc1 Qxa1 20.
axb5 1-0

[Event "Youth Classic 2019 - Juniors Open U18"]
[Site "Bad Soden, Hasselgrundhalle"]
[Date "2019.10.06"]
[Round "9.10"]
[White "Sauer, Philipp"]
[Black "Schmetkamp, Ian"]
[Result "1/2-1/2"]
[WhiteElo "1166"]
[BlackElo "1129"]
[PlyCount "33"]
[EventDate "2019.??.??"]
[WhiteTeam "Post  Schw. Hall"]
[BlackTeam "Post  Schw. Hall"]

1. e4 e5 2. Nf3 Nc6 3. d4 exd4 4. Nxd4 Bc5 5. Be3 Qf6 6. c3 Nge7 7. Be2 O-O 8.
O-O d5 9. Nxc6 Qxc6 10. exd5 Nxd5 11. Bxc5 Qxc5 12. Nd2 Re8 13. Bc4 c6 14. a4
Nf4 15. Qf3 Qg5 16. Qg3 Bg4 17. f3 1/2-1/2

[Event "Youth Classic 2019 - Juniors Open U18"]
[Site "Bad Soden, Hasselgrundhalle"]
[Date "2019.10.06"]
[Round "9.11"]
[White "Mehl, Florian"]
[Black "Jung, Natalie"]
[Result "1-0"]
[WhiteElo "983"]
[BlackElo "1119"]
[PlyCount "59"]
[EventDate "2019.??.??"]
[WhiteTeam "Post  Schw. Hall"]
[BlackTeam "SK Ettlingen"]

1. d4 d5 2. Bf4 Bf5 3. e3 e6 4. c4 Nf6 5. Nd2 Be7 6. Qb3 b6 7. Ngf3 O-O 8. g3
c5 9. dxc5 Bxc5 10. Bg2 Qe7 11. O-O Rd8 12. Ne5 Nbd7 13. Nc6 Qf8 14. Nxd8 Rxd8
15. Qa4 Ra8 16. cxd5 exd5 17. b4 Bxb4 18. Rfd1 Nc5 19. Qxb4 Nce4 20. Qd4 Rc8
21. Rac1 Nxd2 22. Qxd2 Rxc1 23. Rxc1 Be4 24. Bg5 Bxg2 25. Kxg2 h6 26. Bxf6 gxf6
27. Qxd5 Qg7 28. Qf5 Qg6 29. Qxg6+ fxg6 30. Rc7 1-0

[Event "Youth Classic 2019 - Juniors Open U18"]
[Site "Bad Soden, Hasselgrundhalle"]
[Date "2019.10.06"]
[Round "9.12"]
[White "Pfaff, Pawel"]
[Black "Wagner, Valerian"]
[Result "1-0"]
[WhiteElo "1265"]
[BlackElo "751"]
[PlyCount "97"]
[EventDate "2019.??.??"]
[WhiteTeam "SC Bad Soden"]
[BlackTeam "SC Bad Soden"]

1. e4 e5 2. Nf3 Nc6 3. Bc4 Bc5 4. c3 Nf6 5. d4 exd4 6. cxd4 Bb4+ 7. Bd2 Bxd2+
8. Nbxd2 d6 9. e5 dxe5 10. dxe5 Nh5 11. O-O O-O 12. Re1 Bg4 13. h3 Bxf3 14.
Qxf3 Qg5 15. Rad1 Nf4 16. Ne4 Nxe5 17. Nxg5 Nxf3+ 18. Nxf3 Rad8 19. Rxd8 Rxd8
20. g3 Nh5 21. Re7 Rf8 22. Rxc7 Nf6 23. Rxb7 Ne8 24. Rxa7 Nd6 25. Bb3 Nb5 26.
Ra5 Nc7 27. a4 g6 28. Ra7 Na8 29. a5 h5 30. Bd5 h4 31. Rxa8 Rxa8 32. Bxa8 f5
33. Nxh4 g5 34. Ng2 g4 35. hxg4 fxg4 36. Bb7 Kf7 37. a6 Ke6 38. a7 Ke5 39. a8=Q
Kd4 40. Qa4+ Ke5 41. Qf4+ Ke6 42. Qe4+ Kd6 43. Qd5+ Ke7 44. Qc6 Kf7 45. Qd6 Kg7
46. Qe6 Kh7 47. Qe7+ Kg8 48. Be4 Kh8 49. Qf8# 1-0